Robert De Niro and Martin Scorcese collaboration films - Statistics

General Stats
  • This quiz has been taken 130 times
  • The average score is 6 of 8
Answer Stats
Hint Answer % Correct
1976 Taxi Driver
96%
1990 Goodfellas
93%
1995 Casino
89%
1980 Raging Bull
89%
1973 Mean Streets
75%
1983 The King of Comedy
67%
1991 Cape Fear
56%
1977 New York New York
46%
No matching quizzes found
Score Distribution
Percent of People with Each Score
Percentile by Number Answered
Your Score History
You have not taken this quiz